<?xml version="1.0" encoding="UTF-8"?>
<marc:record xmlns:marc="http://www.loc.gov/MARC21/slim">
   <marc:leader>00000nam a2200000 a 4500</marc:leader>
   <marc:datafield ind1="1" ind2=" " tag="100">
      <marc:subfield code="a">O’Neil, Annie</marc:subfield>
      <marc:subfield code="4">aut</marc:subfield>
      <marc:subfield code="e">Verfasser/-in</marc:subfield>
   </marc:datafield>
   <marc:datafield ind1="1" ind2=" " tag="100">
      <marc:subfield code="a">Richter-Nilsson, Christine</marc:subfield>
      <marc:subfield code="4">trl</marc:subfield>
      <marc:subfield code="e">Übersetzer/-in</marc:subfield>
   </marc:datafield>
   <marc:datafield ind1=" " ind2=" " tag="653">
      <marc:subfield code="a">Erzählende Literatur</marc:subfield>
   </marc:datafield>
   <marc:datafield ind1="0" ind2="0" tag="245">
      <marc:subfield code="a">Das Wunder in der Christmas Street</marc:subfield>
   </marc:datafield>
   <marc:datafield ind1="0" ind2="0" tag="245">
      <marc:subfield code="b">Roman</marc:subfield>
   </marc:datafield>
   <marc:datafield ind1="0" ind2="0" tag="245">
      <marc:subfield code="c">Annie O’Neil</marc:subfield>
   </marc:datafield>
   <marc:datafield ind1=" " ind2="1" tag="264">
      <marc:subfield code="a">Berlin</marc:subfield>
      <marc:subfield code="b">Insel Verlag</marc:subfield>
      <marc:subfield code="c">2021</marc:subfield>
   </marc:datafield>
   <marc:datafield ind1=" " ind2=" " tag="250">
      <marc:subfield code="a">1. Deutsche Erstausgabe</marc:subfield>
   </marc:datafield>
   <marc:datafield ind1="1" ind2=" " tag="520">
      <marc:subfield code="a">Angaben aus der Verlagsmeldung

Das Wunder in der Christmas Street : Roman Miracle on Christmas Street / von Annie O’Neil

Gerade erst hat Jess Green ihr neues Zuhause in der malerischen Christmas Street bezogen. Es ist Anfang Dezember, und die Anwohner der kleinen Straße haben sich in diesem Jahr etwas Besonderes ausgedacht: einen lebendigen Adventskalender.

Jeden Tag öffnet ein anderes Haus seine Türen und hält eine Überraschung für die Nachbarn bereit: Bei Glühwein und Gebäck werden Lebkuchenhäuser und Blumengestecke gebastelt, es gibt kleine Weihnachtskonzerte und Stegreiftheater, Spielzeugautorennen und Schneeballschlachten … So kommen alle zusammen und vergessen für einige Stunden ihre ganz unterschiedlichen kleinen und größeren Sorgen. Schade nur, dass ausgerechnet der griesgrämige Mr Winter aus Haus Nr. 24 sich all dem verschließt. Doch er hat nicht mit Jess’ Charmeoffensive gerechnet, genausowenig wie sein ihm bis dahin unbekannter Neffe, der wie aus dem Nichts auftaucht ...

Ein warmherziger Feelgood-Roman für kalte Wintertage – mit feinem britischen Humor.

</marc:subfield>
   </marc:datafield>
   <marc:datafield ind1=" " ind2=" " tag="020">
      <marc:subfield code="a">9783458681748</marc:subfield>
      <marc:subfield code="9">9783458681748</marc:subfield>
   </marc:datafield>
   <marc:datafield ind1=" " ind2=" " tag="020">
      <marc:subfield code="a">3458681744</marc:subfield>
      <marc:subfield code="9">3458681744</marc:subfield>
   </marc:datafield>
   <marc:datafield ind1=" " ind2=" " tag="041">
      <marc:subfield code="a">ger</marc:subfield>
   </marc:datafield>
   <marc:datafield ind1=" " ind2=" " tag="300">
      <marc:subfield code="a">427 Seiten</marc:subfield>
   </marc:datafield>
</marc:record>
